Statistiques concernant Animaux en images par lettre - S

Cliquez ici pour prendre le quiz!

Statistiques générales

  • Ce quiz a été pris 1 418 fois
    (889 depuis la dernière actualisation)
  • Le résultat moyen est 14 sur 20

Statistiques - réponses

Réponse% Correct
Scorpion
98%
Serpent à sonnette
97%
Sauterelle
95%
Sanglier
94%
Souris
93%
Suricate
84%
Sangsue
80%
Sardine
80%
Salamandre
79%
Siamois
79%
Singe capucin
73%
Scarabée japonais
72%
Sphynx
71%
Saumon
52%
Scolopendre
48%
Seiche
48%
Serval
42%
Silure glane
36%
Springbok
19%
Sterne arctique
18%

Distribution des résultats

Percentile par nombre de réponses

% des personnes avec chaque résultat

Votre développement - résultats

Vous n’avez pas pris ce quiz depuis la dernière actualisation